Central Library OPAC University of Rajshahi

New frontiers in astronomy : (Record no. 56010)

MARC details
000 -LEADER
fixed length control field 00728nam a2200241 a 4500
001 - CONTROL NUMBER
control field 56010
003 - CONTROL NUMBER IDENTIFIER
rucl marc code BD-RjUL
005 - DATE AND TIME OF LATEST TRANSACTION
control field 20211209080337.0
008 - FIXED-LENGTH DATA ELEMENTS--GENERAL INFORMATION
fixed length control field 161124s19751956us a|||| |||| 001 0 eng d
020 ## - INTERNATIONAL STANDARD BOOK NUMBER
International Standard Book Number 0716705206.
035 ## - SYSTEM CONTROL NUMBER
System control number (BD-RjUL)56134
040 ## - CATALOGING SOURCE
Modifying agency BD-RjUL
Language of cataloging eng
Original cataloging agency BD-RjUL
Transcribing agency BD-RjUL
041 ## - LANGUAGE CODE
Language code of text/sound track or separate title eng
082 ## - DEWEY DECIMAL CLASSIFICATION NUMBER
Edition number 23
Classification number 520
Author mark and year GIN 1975
245 00 - TITLE STATEMENT
Title New frontiers in astronomy :
Remainder of title readings from Scientific American /
Statement of responsibility, etc. with introductions by Owen Gingerich.
260 ## - PUBLICATION, DISTRIBUTION, ETC. (IMPRINT)
Place of publication, distribution, etc. San Francisco :
Name of publisher, distributor, etc. W. H. Freeman,
Date of publication, distribution, etc. c1975
300 ## - PHYSICAL DESCRIPTION
Pagination 369 p. :
Illustrations ill. ;
Size 30 cm.
500 ## - GENERAL NOTE
General note Includes Bibliography and index.
650 #0 - SUBJECT ADDED ENTRY--TOPICAL TERM
Topical term or geographic name as entry element Astronomy.
9 (RLIN) 166732
700 1# - ADDED ENTRY--PERSONAL NAME
Personal name Gingerich, Owen.
942 ## - ADDED ENTRY ELEMENTS (KOHA)
Source of classification or shelving scheme Dewey Decimal Classification
Koha item type Books
Holdings
Lost status Source of classification or shelving scheme Damaged status Not for loan Collection code Permanent Location Current Location Shelving location Date acquired Source of acquisition Cost, normal purchase price Total Checkouts Full call number Date last seen Copy number Koha item type
  Dewey Decimal Classification     Non-fiction Central Library, University of Rajshahi Central Library, University of Rajshahi   07/04/1986 Dhaka : Karim International 13.50   520 GIN 1975 24/11/2016 C-2 Books
  Dewey Decimal Classification   Not For Loan Non-fiction Central Library, University of Rajshahi Central Library, University of Rajshahi Reading Room 07/04/1986 Abacus Ltd. Through Karim Enter. 13.50   520 GIN 1975 16/04/2017 C-1 Books